| 000 | 00454nam a22001817a 4500 | ||
|---|---|---|---|
| 005 | 20180201165750.0 | ||
| 008 | 160523b xxu||||| |||| 00| 0 eng d | ||
| 020 | _a81-203-2384-x | ||
| 041 | _aeng | ||
| 082 |
_b4445 _a004.6 |
||
| 100 |
_aStallings, William _94043 |
||
| 245 | _aBusiness Data Communications | ||
| 250 | _a4th ed. | ||
| 260 |
_aNew Delhi _bAcademic Faundation |
||
| 300 | _a624 | ||
| 650 |
_aInformation Technology _9137 |
||
| 942 | _cBK | ||
| 999 |
_c1479 _d1479 |
||